Italian Car Brands - Statistics

General Stats
  • This quiz has been taken 99 times
  • The average score is 6 of 10
Answer Stats
Answer % Correct
Ferrari
100%
Fiat
97%
Lamborghini
96%
Alfa Romeo
77%
Maserati
77%
Lancia
65%
Pagani
58%
Abarth
43%
Iveco
17%
Bertone
16%
No matching quizzes found
Score Distribution
Percent of People with Each Score
Percentile by Number Answered
Your Score History
You have not taken this quiz